=LDR 00000nam 2200000 4500 =001 INLIS000000000028680 =005 20130612130952 =008 ***********************************Ind** =035 ##$$0010-061300000028680 =041 ##$$a Ind =082 ##$$a 657 =090 ##$$a 657, Sup a =100 ##$$a Supriyono, R.A =245 ##$$a Akuntansi biaya, perencanaan dan pengendalian biaya serta pembuatan keputusan, Drs. R.A Supriyono, S.U =260 ##$$a 1990 $b Yogyakarta =300 ##$$a xvi, 501 hlm, 21 cm =650 ##$$a Akuntansi =850 ##$$a NBPNMAT =990 ##$$a 21102110 =990 ##$$a 76.428 pro 1994 =990 ##$$a 76.426/Pro.94